00342nam a22001217a 4500020001800000040000900018082001200027100002000039245006200059250001600121260003500137650004800172 a9781856697491 cNUST a670 LEF aLefteri, Chris  aMaking It : bManufacturing Techniques for Product Design a2nd EDITION aLondon;bLaurence King,c2012. aManufacturing Techniques for Product Design